Manažment vybranej obchodnej organizácie diplomová práca
Enregistré dans:
| Auteur principal: | |
|---|---|
| Collectivité auteur: | |
| Autres auteurs: | |
| Format: | Livre |
| Langue: | slovaque |
| Publié: |
Košice
2022
|
| Tags: |
Pas de tags, Soyez le premier à ajouter un tag!
|
MARC
| LEADER | 00000nbm a2200000 4500 | ||
|---|---|---|---|
| 001 | 0287398 | ||
| 005 | 20230503140831.6 | ||
| 041 | 0 | |a slo | |
| 044 | |a SK | ||
| 245 | 1 | 0 | |a Manažment vybranej obchodnej organizácie |b diplomová práca |c Natália Stropkayová ; školiteľ: Mária Ria Janošková |
| 264 | 1 | |a Košice |c 2022 | |
| 300 | |a 63 s. | ||
| 100 | 1 | |a Stropkayová, Natália | |
| 700 | 1 | |a Janošková, Mária Ria, 1965- | |
| 710 | 2 | |a Podnikovohospodárska fakulta EU so sídlom v Košiciach. Katedra obchodného podnikania | |